The conquerors : (Record no. 121)

000 -LEADER
fixed length control field 01786cam a2200409 a 4500
001 - CONTROL NUMBER
control field 12877053
003 - CONTROL NUMBER IDENTIFIER
control field OSt
005 - DATE AND TIME OF LATEST TRANSACTION
control field 20210416053759.0
008 - FIXED-LENGTH DATA ELEMENTS--GENERAL INFORMATION
fixed length control field 020731s2002 nyuaf b 001 0deng
010 ## - LIBRARY OF CONGRESS CONTROL NUMBER
LC control number 2002030331
020 ## - INTERNATIONAL STANDARD BOOK NUMBER
International Standard Book Number 0684810271
040 ## - CATALOGING SOURCE
Original cataloging agency DLC
Transcribing agency DLC
Modifying agency DLC
043 ## - GEOGRAPHIC AREA CODE
Geographic area code e-gx---
-- n-us---
050 00 - LIBRARY OF CONGRESS CALL NUMBER
Classification number E807
Item number .B46 2002
080 ## - UNIVERSAL DECIMAL CLASSIFICATION NUMBER
Universal Decimal Classification number 94
Item number B-52
082 00 - DEWEY DECIMAL CLASSIFICATION NUMBER
Classification number 940.53/144/0943
Edition number 21
100 1# - MAIN ENTRY--PERSONAL NAME
Personal name Beschloss, Michael R.
245 14 - TITLE STATEMENT
Title The conquerors :
Remainder of title Roosevelt, Truman, and the destruction of Hitler's Germany, 1941-1945 /
Statement of responsibility, etc. Michael Beschloss.
260 ## - PUBLICATION, DISTRIBUTION, ETC.
Place of publication, distribution, etc. New York :
Name of publisher, distributor, etc. Simon & Schuster,
Date of publication, distribution, etc. c2002.
300 ## - PHYSICAL DESCRIPTION
Extent xiv, 377 p., [16] p. of plates :
Other physical details ill. ;
Dimensions 25 cm.
504 ## - BIBLIOGRAPHY, ETC. NOTE
Bibliography, etc. note Includes bibliographical references (p. 297-314) and index.
600 10 - SUBJECT ADDED ENTRY--PERSONAL NAME
Personal name Roosevelt, Franklin D.
Fuller form of name (Franklin Delano),
Dates associated with a name 1882-1945.
600 10 - SUBJECT ADDED ENTRY--PERSONAL NAME
Personal name Truman, Harry S.,
Dates associated with a name 1884-1972.
600 10 - SUBJECT ADDED ENTRY--PERSONAL NAME
Personal name Morgenthau, Henry,
Dates associated with a name 1891-1967.
650 #0 - SUBJECT ADDED ENTRY--TOPICAL TERM
Topical term or geographic name entry element World War, 1939-1945
Geographic subdivision Germany.
650 #0 - SUBJECT ADDED ENTRY--TOPICAL TERM
Topical term or geographic name entry element Reconstruction (1939-1951)
Geographic subdivision Germany.
650 #0 - SUBJECT ADDED ENTRY--TOPICAL TERM
Topical term or geographic name entry element World War, 1939-1945
General subdivision Diplomatic history.
651 #0 - SUBJECT ADDED ENTRY--GEOGRAPHIC NAME
Geographic name United States
General subdivision Foreign relations
Chronological subdivision 1933-1945.
651 #0 - SUBJECT ADDED ENTRY--GEOGRAPHIC NAME
Geographic name United States
General subdivision Politics and government
Chronological subdivision 1933-1945.
856 42 - ELECTRONIC LOCATION AND ACCESS
Materials specified Contributor biographical information
Uniform Resource Identifier <a href="http://www.loc.gov/catdir/bios/simon051/2002030331.html">http://www.loc.gov/catdir/bios/simon051/2002030331.html</a>
856 41 - ELECTRONIC LOCATION AND ACCESS
Materials specified Table of contents only
Uniform Resource Identifier <a href="http://www.loc.gov/catdir/toc/simon031/2002030331.html">http://www.loc.gov/catdir/toc/simon031/2002030331.html</a>
856 42 - ELECTRONIC LOCATION AND ACCESS
Materials specified Publisher description
Uniform Resource Identifier <a href="http://www.loc.gov/catdir/description/simon031/2002030331.html">http://www.loc.gov/catdir/description/simon031/2002030331.html</a>
856 41 - ELECTRONIC LOCATION AND ACCESS
Materials specified Sample text
Uniform Resource Identifier <a href="http://www.loc.gov/catdir/enhancements/fy0645/2002030331-s.html">http://www.loc.gov/catdir/enhancements/fy0645/2002030331-s.html</a>
906 ## - LOCAL DATA ELEMENT F, LDF (RLIN)
a 7
b cbc
c orignew
d 1
e ocip
f 20
g y-gencatlg
942 ## - ADDED ENTRY ELEMENTS (KOHA)
Source of classification or shelving scheme
Koha item type Books
Holdings
Withdrawn status Lost status Source of classification or shelving scheme Damaged status Not for loan Permanent location Current location Date acquired Inventory number Total Checkouts Full call number Barcode Date last seen Date last checked out Price effective from Koha item type
          Ken Walker International University Ken Walker International University 11/11/2020 322 1 94 B-52 322 02/25/2026 02/25/2026 11/11/2020 Books

Powered by Koha